[Event "TCh-ISR"]
[Site "ISR"]
[Date "2002.04.19"]
[Round "9"]
[White "Peker,O"]
[Black "Liss,G"]
[Result "1-0"]
[WhiteElo "2404"]
[BlackElo "2175"]

1.d4 Nf6 2.c4 d6 3.Nf3 g6 4.Nc3 Bg7 5.e4 O-O 6.Be2 e5 7.O-O Nc6 8.d5 Ne7
9.Nd2 Ne8 10.b4 f5 11.c5 Nf6 12.f3 h5 13.Nc4 f4 14.a4 g5 15.cxd6 cxd6 16.Nb5 Ne8
17.Bd2 Rf6 18.Be1 Bd7 19.Rc1 Rg6 20.Na5 Rb8 21.Nxa7 Qb6+ 22.Bf2 Qxb4 23.Nc4 Bxa4
24.Qe1 Qxe1 25.Rfxe1 Bd7 26.Nb6 Nf6 27.Nxd7 Nxd7 28.Rc7 Nxd5 29.exd5 Nc5
30.Nc8 Bf8 31.Ne7+ Bxe7 32.Rxe7 Rg7 33.Bxc5  1-0

[Event "City-ch"]
[Site "St-Petersburg RUS"]
[Date "2002.04.24"]
[Round "8"]
[White "Smirnov,Ar"]
[Black "Golcman,E"]
[Result "1/2-1/2"]
[WhiteElo "2286"]
[BlackElo "2225"]

1.d4 Nf6 2.c4 g6 3.Nc3 Bg7 4.e4 d6 5.Nf3 O-O 6.Be2 e5 7.O-O Nc6 8.d5 Ne7
9.b4 Ne8 10.c5 a5 11.cxd6 Nxd6 12.bxa5 f5 13.Ng5 fxe4 14.Ncxe4 Rxa5 15.Nxd6 Qxd6
16.Bd2 Ra8 17.Bc4 b5 18.Bb3 Kh8 19.Ne4 Qd8 20.Bb4 Bf5 21.Nc5 Re8 22.Rc1 Qd6
23.a3 Qb6 24.g4 Bc8 25.Ne4 Bb7 26.Ng5 h6 27.Ne6 Rac8 28.Nxg7 Kxg7 29.d6 cxd6
30.Qxd6 Qxd6 31.Bxd6 Nc6 32.f4 Nd4 33.Rxc8 Bxc8 34.Bd1 exf4 35.Bxf4 Ne2+  1/2-1/2

[Event "City-ch w"]
[Site "St-Petersburg RUS"]
[Date "2002.04.25"]
[Round "10"]
[White "Razuvajeva,J"]
[Black "Sudakova,I"]
[Result "0-1"]
[WhiteElo "2173"]
[BlackElo "2369"]

1.d4 Nf6 2.c4 g6 3.Nf3 Bg7 4.Nc3 O-O 5.e4 d6 6.Be2 e5 7.O-O Nc6 8.d5 Ne7
9.b4 Nh5 10.Re1 a5 11.Ba3 Nf4 12.Bf1 Bg4 13.c5 f5 14.cxd6 cxd6 15.b5 fxe4
16.Nxe4 Nf5 17.h3 Nxh3+ 18.gxh3 Nd4 19.hxg4 Nxf3+ 20.Kg2 Qh4 21.Qxf3 Rxf3
22.Kxf3 Rf8+ 23.Ke3 Bh6+ 24.Kd3 Rf3+ 25.Re3 Bxe3 26.fxe3 Qh1 27.Ke2 Rf7 28.Nc3 Qg1
29.Ne4 Qxg4+ 30.Kd3 Qg1 31.Ke2 Qh2+ 32.Kd3 Qh1 33.Nd2 Qxd5+ 34.Kc3 Rc7+ 35.Bc4 Kg7
36.Rf1 e4 37.Kb3 a4+ 38.Kc3 Qd3+ 39.Kb2 Qxd2+  0-1

[Event "ch-VIE"]
[Site "Vung Tau VIE"]
[Date "2002.04.28"]
[Round "4"]
[White "Pham Minh Hoang1"]
[Black "To Quoc Khanh"]
[Result "1/2-1/2"]
[WhiteElo "2358"]
[BlackElo "2308"]

1.d4 Nf6 2.Nf3 g6 3.c4 Bg7 4.Nc3 d6 5.e4 O-O 6.Be2 e5 7.O-O Nc6 8.d5 Ne7
9.Ne1 Ne8 10.Be3 f5 11.f3 f4 12.Bf2 g5 13.c5 h5 14.cxd6 cxd6 15.a4 Nf6 16.Nb5 g4
17.a5 Ng6 18.Nxa7 g3 19.Bb6 Qe7 20.Rc1 Nd7 21.Nxc8 Rfxc8 22.Bc7 gxh2+ 23.Kh1 h4
24.Nd3 Nf6 25.Bb6 Nh5 26.Kxh2 Ng3 27.Rxc8+ Rxc8 28.Re1 Qg5 29.Nf2 Nf8 30.Nh3 Qg6
31.Bb5 Bf6 32.Qd2 Bd8 33.Bxd8 Rxd8 34.Rc1 Nd7 35.Rc7 Nc5 36.Qc3 Rf8 37.Rxc5 Nxe4
38.fxe4 f3 39.Qd2 dxc5 40.Qg5 Qxg5 41.Nxg5 f2 42.Bf1 Ra8 43.Nh3 Rxa5 44.Nxf2 Ra4
45.Ng4 Kg7  1/2-1/2

[Event "FSGM May"]
[Site "Budapest HUN"]
[Date "2002.05.04"]
[Round "1"]
[White "Lukacs,P"]
[Black "Husari,Sa"]
[Result "1/2-1/2"]
[WhiteElo "2460"]
[BlackElo "2383"]

1.d4 Nf6 2.c4 g6 3.Nc3 Bg7 4.e4 d6 5.Nf3 O-O 6.Be2 e5 7.O-O Nc6 8.d5 Ne7
9.Bg5 Nh5 10.Ne1 Nf4 11.Nd3 Nxe2+ 12.Qxe2 f6 13.Bd2 f5 14.f3 a6 15.Rac1 c5
16.a3 f4 17.b4 b6 18.Rb1 Bd7 19.bxc5 bxc5 20.Rb7 Rb8 21.Rfb1 Rxb7 22.Rxb7 Bc8  1/2-1/2

[Event "FSIM May"]
[Site "Budapest HUN"]
[Date "2002.05.04"]
[Round "1"]
[White "Dub,Z"]
[Black "Mueller,Mark"]
[Result "1/2-1/2"]
[WhiteElo "2297"]
[BlackElo "2195"]

1.d4 Nf6 2.Nf3 g6 3.c4 Bg7 4.Nc3 O-O 5.e4 d6 6.Be2 e5 7.O-O Nc6 8.d5 Ne7
9.b4 a5 10.Ba3 axb4 11.Bxb4 b6 12.a4 Ne8 13.Qb3 Rb8 14.Nb5 f5 15.a5 bxa5
16.Bxa5 fxe4 17.Nd2 Nf5 18.Nxe4 Nd4 19.Qd1 Nxb5 20.cxb5 Bh6 21.Ra3 Bd7 22.Qa4 Rb7
23.Bc3 Nf6 24.Nxf6+ Qxf6 25.Rb3 Qe7 26.Bg4 Qf7 27.Bxd7 Qxd7 28.Qc4 Rfb8 29.Rfb1 Qf5
30.g3 Rf8 31.Rf1 Qf7 32.Qh4 Be3 33.Qe4  1/2-1/2

[Event "Capablanca Mem Premier II"]
[Site "Havana CUB"]
[Date "2002.05.06"]
[Round "1"]
[White "Herraiz Hidalgo,H"]
[Black "De la Paz,F"]
[Result "1/2-1/2"]
[WhiteElo "2456"]
[BlackElo "2427"]

1.d4 Nf6 2.c4 g6 3.Nc3 Bg7 4.e4 d6 5.Nf3 O-O 6.Be2 e5 7.O-O Nc6 8.d5 Ne7
9.Kh1 c6 10.Ne1 Ne8 11.g4 Kh8 12.Rg1 Ng8 13.Be3 a5 14.Nf3 Bh6 15.g5 Bg7 16.Qd2 Qe7
17.Ne1 f5 18.gxf6 Ngxf6 19.Nd3  1/2-1/2

[Event "ch-UKR"]
[Site "Alushta UKR"]
[Date "2002.05.07"]
[Round "5"]
[White "Truskavetsky,A"]
[Black "Maximov,D"]
[Result "0-1"]
[WhiteElo "2338"]
[BlackElo "2423"]

1.d4 Nf6 2.c4 g6 3.Nc3 Bg7 4.Nf3 O-O 5.e4 d6 6.Be2 e5 7.O-O Nc6 8.d5 Ne7
9.Kh1 Ne8 10.b4 f5 11.Ng5 h6 12.Nf3 Nf6 13.Nd2 f4 14.c5 h5 15.Nc4 Kh8 16.a4 Rf7
17.Ba3 Bf8 18.b5 Neg8 19.b6 axb6 20.cxd6 cxd6 21.Rb1 Ra6 22.Qb3 b5 23.axb5 Ra8
24.b6 Ne8 25.Nb5 Ngf6 26.f3 h4 27.Rbd1 Nh5 28.Rf2 h3 29.Bf1 Ng3+ 30.Kg1 Nxf1
31.Rdxf1 hxg2 32.Kxg2 g5 33.Rg1 Qf6 34.Kf1 Rh7 35.Qb4 Bd7 36.Na7 Be7 37.Ke2 g4
38.fxg4 Qg6 39.Na5 Bxg4+ 40.Kd2 Nf6 41.Re1 Bf3 42.Nxb7 Nxe4+ 43.Rxe4 Bxe4
44.Nxd6 Bxd5 45.b7 Bxb7 46.Qxb7 Rd8 47.Qb6 Rxd6+ 48.Bxd6 Qxd6+ 49.Qxd6 Bxd6
50.Nb5 Bc5 51.Rf3 Rxh2+ 52.Kd3 Kg7 53.Nc3 Kf7 54.Nd5 Bd6 55.Ke4 Ke6 56.Nc3 Rd2
57.Nb5 Re2+ 58.Kd3 Re1 59.Nc3 Bb4 60.Rh3 Bxc3 61.Kxc3 Kd5 62.Rh2 Ra1 63.Rh8 Ra2
64.Kd3 Ra3+ 65.Ke2 Ke4 66.Rb8 f3+ 67.Ke1 Ke3 68.Rb1 e4 69.Rc1 Kf4 70.Kf1 e3  0-1

[Event "FSIM May"]
[Site "Budapest HUN"]
[Date "2002.05.08"]
[Round "5"]
[White "Papp,Ge"]
[Black "Mueller,Mark"]
[Result "1/2-1/2"]
[WhiteElo "2244"]
[BlackElo "2195"]

1.d4 Nf6 2.c4 g6 3.Nc3 Bg7 4.e4 d6 5.Nf3 O-O 6.Be2 e5 7.O-O Nc6 8.d5 Ne7
9.b4 a5 10.Ba3 axb4 11.Bxb4 b6 12.a4 Ne8 13.a5 c5 14.dxc6 Nxc6 15.Qd5 Qd7
16.Nb5 Bb7 17.Nxd6 Nxb4 18.Qxb7 Qxb7 19.Nxb7 Rb8 20.a6 Nxa6 21.Rxa6 Rxb7
22.Rb1 Nd6 23.Nd2 Rfb8 24.Bd3 Ne8 25.Nf1 Nc7 26.Ra3 Bf8 27.Ra2  1/2-1/2

[Event "FSIM May"]
[Site "Budapest HUN"]
[Date "2002.05.10"]
[Round "7"]
[White "Bui Vinh"]
[Black "Mueller,Mark"]
[Result "1-0"]
[WhiteElo "2420"]
[BlackElo "2195"]

1.d4 Nf6 2.c4 g6 3.Nc3 Bg7 4.e4 O-O 5.Be2 d6 6.Nf3 e5 7.O-O Nc6 8.d5 Ne7
9.b4 a5 10.Ba3 axb4 11.Bxb4 Nh5 12.c5 dxc5 13.Bxc5 Qd7 14.Bb5 c6 15.dxc6 bxc6
16.Qxd7 Bxd7 17.Bxe7 Rfe8 18.Rfd1 Rxe7 19.Rxd7 Rxd7 20.Bxc6 Rc8 21.Bxd7 Rxc3
22.a4 Rc7 23.Bb5 Bf8 24.a5 Bc5 25.Kf1 Ba7 26.Ne1 Nf4 27.a6 Ne6 28.Rb1 Kf8
29.f3 f6 30.Nd3 Nd4 31.Ba4 Ke7 32.Nb4 Rc4 33.Nd5+ Kd6 34.Rb7 Rxa4 35.Rxa7 f5
36.Rd7+ Ke6 37.Rxh7 fxe4 38.fxe4 Nc6 39.Rg7 Rxe4 40.Nc7+ Kf6 41.Ne8+ Kg5
42.Rc7 Rf4+ 43.Ke1 Re4+ 44.Kf2 Rf4+ 45.Ke3 Rf8 46.Rxc6 Rxe8 47.a7 Kf5 48.Ra6 Ra8
49.h3  1-0

[Event "FSIM May"]
[Site "Budapest HUN"]
[Date "2002.05.11"]
[Round "8"]
[White "Szabo,K"]
[Black "Mueller,Mark"]
[Result "1-0"]
[WhiteElo "2226"]
[BlackElo "2195"]

1.d4 Nf6 2.c4 g6 3.Nc3 Bg7 4.e4 O-O 5.Nf3 d6 6.Be2 e5 7.O-O Nc6 8.d5 Ne7
9.b4 a5 10.Ba3 axb4 11.Bxb4 b6 12.a4 Ne8 13.Nd2 f5 14.Qb3 Rb8 15.Nb5 Bh6
16.f3 Nf6 17.Qd3 Nh5 18.g3 Ra8 19.a5 bxa5 20.Rxa5 Bd7 21.Rfa1 Rxa5 22.Bxa5 Bxb5
23.cxb5 Qa8 24.Bc3 Qb7 25.Ra6 fxe4 26.fxe4 Qc8 27.Kg2 Nf6 28.Nc4 Ng4 29.Be1 g5
30.h3 Nf6 31.Ne3 Qe8 32.Ng4 Qg6 33.Nxf6+ Qxf6 34.Bg4 Ng6 35.Rc6 Qe7 36.Qc4 Qd8
37.Rxc7 Qa8 38.Rc8 Qa1 39.Bf2 Ne7 40.Rxf8+ Bxf8 41.b6 Qb1 42.Qc7 Qxe4+ 43.Bf3 Qd3
44.b7 e4 45.Bg4 Nxd5 46.Be6+ Kh8 47.Qf7 Nf4+ 48.gxf4 Qf3+ 49.Kg1  1-0

[Event "Oceana zt w"]
[Site "Warwick Fiji FIJ"]
[Date "2002.05.11"]
[Round "9"]
[White "Berezina,I"]
[Black "Szuveges,N"]
[Result "1-0"]
[WhiteElo "2259"]
[BlackElo "2031"]

1.d4 Nf6 2.c4 g6 3.Nc3 Bg7 4.e4 d6 5.Nf3 O-O 6.Be2 e5 7.O-O Nc6 8.d5 Ne7
9.Kh1 Nd7 10.a4 h6 11.a5 f5 12.Ne1 Nf6 13.exf5 gxf5 14.f4 e4 15.Nc2 c5 16.Ra3 Bd7
17.Ne3 Be8 18.Bd2 a6 19.Na4 Nd7 20.Bc3 Bxc3 21.Nxc3 Bg6 22.Qe1 Nf6 23.Na4 Nd7
24.b4 Qc7 25.bxc5 Nxc5 26.Nxc5 Qxc5 27.Rb3 Rab8 28.Qh4 Kf7 29.g4 b5 30.axb6 Rxb6
31.Rxb6 Qxb6 32.Nxf5 Nxf5 33.gxf5 Bxf5 34.Bh5+ Bg6 35.Bxg6+ Kxg6 36.Qg4+ Kh7
37.Rg1 Qxg1+ 38.Qxg1 Rxf4 39.Qe3 Rf6 40.Qxe4+ Kg7 41.Qe7+ Kg6 42.c5 dxc5
43.d6 c4 44.d7 Rf7 45.Qe6+ Rf6 46.Qe4+  1-0

[Event "Capablanca Mem Elite"]
[Site "Havana CUB"]
[Date "2002.05.12"]
[Round "6"]
[White "Vera,R"]
[Black "Nataf,IA"]
[Result "1-0"]
[WhiteElo "2537"]
[BlackElo "2567"]

1.d4 Nf6 2.c4 g6 3.Nc3 Bg7 4.e4 d6 5.Be2 O-O 6.Nf3 e5 7.O-O Nc6 8.d5 Ne7
9.Ne1 Nd7 10.Be3 f5 11.f3 f4 12.Bf2 g5 13.Rc1 Rf6 14.c5 Nxc5 15.b4 Na6 16.Nd3 Rh6
17.a4 Qe8 18.Kh1 Qh5 19.Bg1 Bd7 20.Na2 Rc8 21.Nf2 Qe8 22.Ng4 Rg6 23.b5 Nc5
24.Bxc5 dxc5 25.Rxc5 b6 26.Rc3 h5 27.Nf2 Kh8 28.Nb4 Ng8 29.Na6 Qd8 30.h3 Bf8
31.Qc2 Bd6 32.Rc1 Qf6 33.Nxc7 Bc5 34.Ne6 Bxf2 35.Rxc8 g4 36.fxg4 Bxc8 37.Qxc8 hxg4
38.Qd8 gxh3 39.gxh3 Qxd8 40.Nxd8 Nf6 41.Nf7+ Kg7 42.Nxe5 Rg3 43.Rc7+ Kh6
44.Rc6 Kg7 45.Rxf6 Kxf6 46.Ng4+ Kg5 47.Nxf2 f3 48.Bf1 Kf4 49.Ng4 f2 50.Nxf2 Kf3
51.Ng4 Kxe4 52.d6  1-0

[Event "TCh-NOR Finals"]
[Site "Oslo NOR"]
[Date "2002.05.12"]
[Round "5"]
[White "Ogaard,L"]
[Black "Aarland,SA"]
[Result "1-0"]
[WhiteElo "2387"]
[BlackElo "2259"]

1.d4 Nf6 2.c4 g6 3.Nc3 Bg7 4.e4 d6 5.Be2 O-O 6.Nf3 e5 7.O-O Nc6 8.d5 Ne7
9.Nd2 c5 10.a3 Ne8 11.b4 b6 12.Nb3 f5 13.Bd2 h5 14.bxc5 bxc5 15.Rb1 h4 16.f3 Bd7
17.Qc2 a6 18.Bd3 f4 19.Ne2 Nc8 20.Na5 Qg5 21.Rb7 Rf7 22.Qb1 h3 23.g3 Qh5
24.Nc6 g5 25.Kh1 g4 26.gxf4 exf4 27.Nxf4 Qh6 28.fxg4 Nf6 29.e5 Bxc6 30.Rxf7 dxe5
31.Ne6 Qxd2 32.Rxg7+ Kh8 33.Qc2 Qxc2 34.Bxc2 Nxd5 35.Rf8+  1-0

[Event "FSGM May"]
[Site "Budapest HUN"]
[Date "2002.05.13"]
[Round "10"]
[White "Lukacs,P"]
[Black "Lengyel,B"]
[Result "1/2-1/2"]
[WhiteElo "2460"]
[BlackElo "2354"]

1.d4 Nf6 2.c4 g6 3.Nc3 Bg7 4.e4 d6 5.Nf3 O-O 6.Be2 e5 7.O-O Nc6 8.Be3 Re8
9.dxe5 dxe5 10.h3 Nd7 11.c5 Nf8 12.Bc4 Ne6 13.Rc1 Ncd4 14.b4 c6 15.Re1  1/2-1/2

[Event "JCh-TUR"]
[Site "Kocaeli TUR"]
[Date "2002.05.15"]
[Round "2"]
[White "Ataman,A"]
[Black "Isik,E"]
[Result "0-1"]
[WhiteElo "2191"]
[BlackElo "2054"]

1.d4 Nf6 2.c4 g6 3.Nc3 Bg7 4.e4 d6 5.Nf3 O-O 6.Be2 e5 7.O-O Nc6 8.d5 Ne7
9.b4 a5 10.Ba3 Nh5 11.bxa5 Nf4 12.c5 f5 13.Bc4 h6 14.Nd2 Kh8 15.f3 Ng8 16.Rf2 Nf6
17.Bf1 Rf7 18.cxd6 cxd6 19.Nc4 Ne8 20.Rc1 Bf8 21.Bb4 Qg5 22.Rfc2 Bd7 23.Nb6 Rd8
24.Nxd7 Rfxd7 25.Qe1 h5 26.Nd1 h4 27.Nf2 Nf6 28.Rc8 N6h5 29.Rxd8 Rxd8 30.Bd2 Bh6
31.Rc2 Bf8 32.Kh1 Qh6 33.Nh3 fxe4 34.Nxf4 exf4 35.fxe4 g5 36.e5 Bg7 37.Bc3 Rc8
38.Bd3 Re8 39.e6 Nf6 40.Bb5 Re7 41.Bxf6 Qxf6 42.Rc8+ Kh7 43.Qd1 Kh6 44.Rc1 Qe5
45.Qf3 Qb2 46.Qf1 Be5 47.Rb1 Qxa2 48.Rd1 Qxa5 49.Be2 Qc3 50.Rd3 Qa1 51.Rd1 Qc3
52.Bd3 g4 53.Qe2 Rg7 54.e7 Qc8 55.Qe4 Qe8 56.Rc1 Rxe7 57.Rc8 Qf7 58.Rf8 Rc7
59.Kg1 Rc1+ 60.Kf2 g3+ 61.hxg3 fxg3+ 62.Ke2 Qh5+ 63.Rf3 Rc7 64.Qe3+ Kg7 65.Be4 Rf7
66.Kd3 Rxf3 67.Bxf3 Qf5+ 68.Be4 Qf1+ 69.Kc2 Qf2+ 70.Qd2 Bf4 71.Qxf2 gxf2
72.Bd3 Kf6 73.Kb3 Ke5 74.Kc4 Be3 75.Bf1 Kf4 76.Kd3 b5 77.Kc3 Kg3 78.Kd3 Bc5  0-1

[Event "Elekes Mem GM"]
[Site "Budapest HUN"]
[Date "2002.05.18"]
[Round "1"]
[White "Weiss,C"]
[Black "Rajlich,V"]
[Result "1-0"]
[WhiteElo "2409"]
[BlackElo "2377"]

1.d4 Nf6 2.c4 g6 3.Nc3 Bg7 4.e4 d6 5.Nf3 O-O 6.Be2 e5 7.O-O Nc6 8.d5 Ne7
9.b4 Nh5 10.a4 Nf4 11.Ba3 f5 12.Nd2 Bh6 13.Bf3 Kh8 14.c5 dxc5 15.bxc5 fxe4
16.Ndxe4 Nexd5 17.c6 Nxc3 18.Nxc3 Qxd1 19.Rfxd1 Nh3+ 20.Kf1 Rxf3 21.Rd8+ Kg7
22.gxf3 Bg5 23.cxb7 Bxb7 24.Rxa8 Bxa8 25.Ne4 Bd5 26.Bc1 Bc4+ 27.Kg2 Bxc1
28.Rxc1 Nf4+ 29.Kh1 Be2 30.Rxc7+ Kh6 31.Nd2 a6 32.h4 Nd3 33.Kg2 Nf4+ 34.Kh2 Nd3
35.Ne4 Ne1 36.Kg3 Nxf3 37.Nc3 Nd4 38.Nxe2 Nxe2+ 39.Kf3 Nd4+ 40.Ke4 a5 41.Rc5 Ne2
42.Rxa5 Kh5 43.Ke3 Nc3 44.Rxe5+ Kxh4 45.a5 Kh3 46.a6 Na4 47.a7 Nb6 48.Rb5 Na8
49.Rb8 Nc7 50.Rb7  1-0

[Event "IHEM"]
[Site "Hamburg GER"]
[Date "2002.05.19"]
[Round "2"]
[White "Trisic,A"]
[Black "Chevelevitch,E"]
[Result "1-0"]
[WhiteElo "2306"]
[BlackElo "2278"]

1.d4 Nf6 2.Nf3 g6 3.c4 Bg7 4.Nc3 O-O 5.e4 d6 6.Be2 e5 7.O-O Nc6 8.d5 Ne7
9.Ne1 Nd7 10.Nd3 f5 11.Bd2 fxe4 12.Nxe4 Nf6 13.Nxf6+ Bxf6 14.f4 e4 15.Nf2 e3
16.Bxe3 Nf5 17.Bc1 Qe7 18.Qd2 Bd7 19.Bd3 Rae8 20.Kh1 c5 21.Ne4 Bd4 22.Qc2 b5
23.Bd2 bxc4 24.Qxc4 Qh4 25.Rf3 Bxb2 26.Rb1 Bd4 27.Ng5 Ne3 28.Bxe3 Bxe3 29.Ne6 Bxe6
30.dxe6 Rxf4 31.Qb5 Rxe6 32.Bc4  1-0

[Event "IHEM"]
[Site "Hamburg GER"]
[Date "2002.05.24"]
[Round "7"]
[White "Meier,DG"]
[Black "Trisic,A"]
[Result "1/2-1/2"]
[WhiteElo "2108"]
[BlackElo "2306"]

1.d4 Nf6 2.c4 g6 3.Nc3 Bg7 4.e4 d6 5.Nf3 O-O 6.Be2 e5 7.O-O Nc6 8.dxe5 Nxe5
9.Nxe5 dxe5 10.Be3 Qe7 11.Nd5 Nxd5 12.cxd5 f5 13.f3 Rd8 14.Qb3 Kh8 15.Rfd1 f4
16.Bf2 Bf8 17.Rac1 Qg7 18.Bc5 Bd6 19.Bxd6 cxd6 20.Rc3 g5 21.Rdc1 Qf6 22.Rc7 Rg8
23.a4 h5 24.h3  1/2-1/2

[Event "Guillermo Garcia ALFIL"]
[Site "Santa Clara CUB"]
[Date "2002.05.27"]
[Round "8"]
[White "Hernandez,Rom"]
[Black "Gunnarsson,J"]
[Result "1-0"]
[WhiteElo "2417"]
[BlackElo "2396"]

1.c4 Nf6 2.Nc3 g6 3.e4 d6 4.d4 Bg7 5.Be2 O-O 6.Nf3 e5 7.O-O Nc6 8.d5 Ne7
9.Nd2 Nd7 10.b4 f5 11.a4 Nf6 12.c5 f4 13.Nc4 g5 14.f3 Ng6 15.Ba3 Rf7 16.b5 Bf8
17.a5 dxc5 18.b6 axb6 19.axb6 cxb6 20.Qb3 Ra6 21.Bb2 Nd7 22.d6 h5 23.Nd5 Kh7
24.Rfd1 b5 25.Qxb5 g4 26.fxg4 Qg5 27.Rxa6 bxa6 28.Qc6 hxg4 29.Qxc8 f3 30.Qe8 Rg7
31.Bf1 g3 32.h3 Qh5 33.Rd2 f2+ 34.Kh1 Qh4 35.Re2 Qg5 36.Qe6  1-0

[Event "FIDE GP"]
[Site "Moscow RUS"]
[Date "2002.06.01"]
[Round "1.1"]
[White "Bacrot,E"]
[Black "Kasimdzhanov,R"]
[Result "0-1"]
[WhiteElo "2653"]
[BlackElo "2674"]

1.d4 Nf6 2.c4 g6 3.Nc3 Bg7 4.e4 d6 5.Nf3 O-O 6.Be2 e5 7.O-O Nc6 8.d5 Ne7
9.b4 Nh5 10.Re1 f5 11.Ng5 Nf6 12.Bf3 c6 13.Qb3 Kh8 14.Rd1 fxe4 15.Ncxe4 cxd5
16.cxd5 Nf5 17.Bb2 Nxe4 18.Nxe4 Nh4 19.Be2 Rf4 20.f3 Qb6+ 21.Kh1 Bf5 22.Bd3 Rf8
23.Bc1 Nxg2 24.Kxg2 Rxf3 25.Qc4 Rxd3 26.Rxd3 Rc8 27.Qxc8+ Bxc8 28.Bd2 Bf5
29.Re1 Qb5 30.Rde3 Qxd5 31.Bc3 Bh6 32.R3e2 Qd3 33.Ba1 Bxe4+ 34.Rxe4 Kg8 35.Bxe5 dxe5
36.Rxe5 Bf8 37.b5 Bd6 38.Re8+ Kf7 39.R8e4 Qxb5 40.h4 Qd5 41.Re2 b5 42.Kf1 b4
43.R4e3 Qh1+ 44.Kf2 Bc5  0-1

[Event "TCh-BIH"]
[Site "Neum BIH"]
[Date "2002.06.05"]
[Round "6"]
[White "Soldo,R"]
[Black "Plakalovic,P"]
[Result "0-1"]
[WhiteElo "2115"]
[BlackElo "2144"]

1.d4 Nf6 2.Nf3 g6 3.c4 Bg7 4.Nc3 O-O 5.e4 d6 6.Be2 e5 7.O-O Nc6 8.d5 Ne7
9.b4 a5 10.Ba3 axb4 11.Bxb4 Nd7 12.a4 h6 13.Nd2 f5 14.a5 Nf6 15.Qc2 Rf7 16.c5 Bf8
17.cxd6 cxd6 18.Nc4 Ne8 19.Nb6 Rb8 20.f3 f4 21.Rfc1 g5 22.Nb5 Rf6 23.Nc7 Ng7
24.Qa4 Ng6 25.Rc3 h5 26.Bb5 g4 27.Bd7 Bxd7 28.Nxd7 Nh4 29.Nxf6+ Qxf6 30.Qc2 Kh7
31.Kh1 Be7 32.Qe2 Rg8 33.Rg1 Qg6 34.Rcc1 Bd8 35.Nb5 Ne8 36.fxg4 hxg4 37.Be1 Qh5
38.Rc3 Bxa5 39.Rh3 Bxe1 40.Rxe1 f3 41.Rxh4 Qxh4 42.g3 Qd8 43.Qe3 Qa5 44.Na3 Kg6
45.Rf1 Nf6 46.h4 Qb4 47.Nc4 Qxc4 48.Rc1 f2 49.Kh2 f1=N+  0-1

[Event "FSIM June"]
[Site "Budapest HUN"]
[Date "2002.06.06"]
[Round "6"]
[White "Husari,Sa"]
[Black "Alfred,N"]
[Result "0-1"]
[WhiteElo "2383"]
[BlackElo "2246"]

1.d4 Nf6 2.c4 g6 3.Nc3 Bg7 4.e4 d6 5.Nf3 O-O 6.Be2 e5 7.O-O Nc6 8.d5 Ne7
9.Nd2 a5 10.a3 Nd7 11.Rb1 f5 12.b4 Kh8 13.Qc2 Ng8 14.Rd1 Ndf6 15.exf5 gxf5
16.f4 axb4 17.axb4 Ng4 18.Nf1 N8f6 19.h3 Nh6 20.Be3 exf4 21.Bxf4 Ne4 22.Nb5 Qh4
23.Be3 Rg8 24.Qd3 Nf7 25.Bd4 Ne5 26.Qe3 Bh6 27.Qb3 Bd7 28.Rd3 Rg7 29.Nh2 Rag8
30.Bf1 Bf4 31.Nxc7 Rg3 32.Kh1 Nd2 33.Qb2 Nxf1  0-1

[Event "FSGM June"]
[Site "Budapest HUN"]
[Date "2002.06.06"]
[Round "6"]
[White "Flumbort,A"]
[Black "Sahovic,D"]
[Result "1-0"]
[WhiteElo "2414"]
[BlackElo "2371"]

1.d4 Nf6 2.c4 g6 3.Nc3 Bg7 4.e4 d6 5.Be2 O-O 6.Nf3 e5 7.O-O Nc6 8.d5 Ne7
9.b4 Ne8 10.c5 h6 11.a4 f5 12.Nd2 Rf7 13.Ba3 Bf8 14.Nc4 Kh8 15.b5 Ng8 16.a5 Ngf6
17.f4 exf4 18.e5 dxe5 19.Nxe5 Rg7 20.Bc4 Kh7 21.Rxf4 b6 22.Nc6 Qd7 23.Qd4 bxc5
24.Bxc5 Bxc5 25.Qxc5 Qd6 26.Qxd6 Nxd6 27.Bd3 Bd7 28.Re1 a6 29.bxa6 Nxd5 30.Nxd5 Bxc6
31.Nf6+ Kh8 32.Rc1 Bb5 33.Bxb5 Nxb5 34.Rc6 Re7 35.Rb4 Na7 36.Rc2 Rf7 37.Nd5 c6
38.Nf4 Kg7 39.Rb7 g5 40.Ne6+ Kf6 41.Nd4 Rc8 42.Nxf5 Rxb7 43.axb7 Rb8 44.Rf2 h5
45.a6 Ke5 46.Ne7 Kd6 47.Ng6 Kc7 48.Rf7+ Kb6 49.Ne5 Kxa6 50.Nd7 Kxb7 51.Nxb8+ Kxb8
52.Rf5 g4 53.Rxh5 Kb7 54.Rg5 Kb6 55.Kf2 c5 56.Rxg4 Kb5 57.Ke3 c4 58.Kd4 Nc6+
59.Kc3  1-0

[Event "FSIM June"]
[Site "Budapest HUN"]
[Date "2002.06.08"]
[Round "8"]
[White "Dub,Z"]
[Black "Alfred,N"]
[Result "0-1"]
[WhiteElo "2297"]
[BlackElo "2246"]

1.d4 Nf6 2.Nf3 g6 3.c4 Bg7 4.Nc3 O-O 5.e4 d6 6.Be2 e5 7.O-O Nc6 8.d5 Ne7
9.b4 a5 10.Ba3 Nh5 11.Re1 Nf4 12.Bf1 Bg4 13.h3 Bxf3 14.Qxf3 axb4 15.Bxb4 f5
16.Qd1 Nh5 17.c5 Nf6 18.Bc4 Kh8 19.a4 Nxe4 20.Nxe4 fxe4 21.Rxe4 Nf5 22.a5 Nd4
23.Ra2 Rf6 24.Qd3 Rb8 25.cxd6 cxd6 26.Bc3 b5 27.axb6 Qxb6 28.Rb2 Qxb2 29.Bxb2 Rxb2
30.f3 Bh6 31.Re1 Bf4 32.Qa3 Rc2 33.Bd3 Rd2 34.Bf1 Kg7 35.Kh1 Nc2 36.Qc1 Nxe1
37.Qxe1 Rf7 38.g3 Bh6 39.f4 Rc2 40.fxe5 Rc1 41.Qe2 Rcxf1+ 42.Kg2 R1f2+ 43.Qxf2 Rxf2+
44.Kxf2 dxe5 45.Kf3 Kf6 46.Ke4 Bf8 47.g4 Bd6 48.Kd3 Kg5 49.Kc4 Kh4 50.Kd3 Kxh3
51.Kc3 Kxg4 52.Kc4 e4 53.Kb5 e3  0-1

[Event "3rd IECC"]
[Site "Batumi GEO"]
[Date "2002.06.12"]
[Round "1"]
[White "Marin,M"]
[Black "Bayram,Y"]
[Result "1-0"]
[WhiteElo "2556"]
[BlackElo "2312"]

1.d4 Nf6 2.c4 g6 3.Nc3 Bg7 4.e4 O-O 5.Nf3 d6 6.Be2 e5 7.O-O Nc6 8.d5 Ne7
9.Nd2 a5 10.a3 Ne8 11.Rb1 f5 12.b4 axb4 13.axb4 Kh8 14.f3 Bh6 15.c5 Be3+
16.Kh1 Bd7 17.Nc4 Bd4 18.Qc2 f4 19.Bd3 g5 20.Ne2 b5 21.Na5 Rxa5 22.bxa5 Bxc5
23.Bxb5 Nf6 24.Rb3 Ba7 25.Bxd7 Nxd7 26.Ba3 Nc5 27.Rc3 c6 28.Bxc5 Bxc5 29.Rxc5 dxc5
30.Qxc5 cxd5 31.exd5 Nf5 32.a6 Ne3 33.Ra1 g4 34.a7  1-0

[Event "Open"]
[Site "Lido Estensi ITA"]
[Date "2002.06.12"]
[Round "5"]
[White "Peek,Mar"]
[Black "Chabanon,JL"]
[Result "0-1"]
[WhiteElo "2345"]
[BlackElo "2483"]

1.d4 Nf6 2.c4 g6 3.Nc3 Bg7 4.e4 d6 5.Nf3 O-O 6.Be2 e5 7.O-O Nc6 8.d5 Ne7
9.b4 Nh5 10.Re1 a5 11.bxa5 Rxa5 12.a4 Kh8 13.Nb5 f5 14.Nd2 Nf6 15.c5 fxe4
16.Nc4 Rxb5 17.axb5 dxc5 18.d6 Nf5 19.dxc7 Qxc7 20.b6 Qc6 21.Rb1 Nd5 22.Na5 Qd6
23.Ba3 Nd4 24.Rc1 Qf6 25.Rf1 Nf4 26.Bg4 Bxg4 27.Qxg4 h5 28.Qd7 Nxg2 29.Rc3 e3
30.Qxb7 Nh4 31.Rxe3 Ndf3+ 32.Rxf3 Nxf3+ 33.Kg2 Qg5+ 34.Kh1 Qf4  0-1

[Event "Open"]
[Site "Lido Estensi ITA"]
[Date "2002.06.12"]
[Round "5"]
[White "Drazic,S"]
[Black "Sarno,S"]
[Result "1/2-1/2"]
[WhiteElo "2474"]
[BlackElo "2399"]

1.d4 g6 2.e4 Bg7 3.Nf3 d6 4.c4 Nf6 5.Nc3 O-O 6.Be2 e5 7.O-O Nc6 8.Be3 exd4
9.Nxd4 Re8 10.f3 Nh5 11.Qd2 Nxd4 12.Bxd4 Nf4 13.Rf2 Ne6 14.Bxg7 Nxg7 15.f4 Bd7
16.Re1 Bc6 17.Bd1 f5 18.Bc2 fxe4 19.Bxe4 Qf6 20.Rfe2 Kf8 21.g3 Nf5 22.Bxf5 Qxf5
23.Qd4 Qc5 24.Qxc5 dxc5 25.Kf2 Rxe2+ 26.Rxe2 Rd8 27.Ke3 Re8+ 28.Kd3 Rd8+
29.Kc2 Rd4 30.b3 Kf7 31.Re5 b6 32.Ne2 Rd6 33.Nc3 Rd4 34.h4 a6 35.h5 Kf6 36.a4 Rd8
37.h6 Rd4 38.a5 Kf7 39.Nd5 Bxd5 40.Rxd5 Rxd5 41.cxd5 b5 42.Kd3 g5 43.f5 g4
44.Ke3 Kf6 45.Ke4 Ke7  1/2-1/2

[Event "3rd IECC"]
[Site "Batumi GEO"]
[Date "2002.06.13"]
[Round "2"]
[White "Kallio,H"]
[Black "Kotronias,V"]
[Result "0-1"]
[WhiteElo "2502"]
[BlackElo "2580"]

1.d4 Nf6 2.c4 g6 3.Nc3 Bg7 4.e4 d6 5.Nf3 O-O 6.Be2 e5 7.O-O Nc6 8.d5 Ne7
9.b4 Nh5 10.Re1 f5 11.Ng5 Nf6 12.Bf3 c6 13.Qb3 h6 14.Ne6 Bxe6 15.dxe6 Qc8
16.Rd1 Rd8 17.c5 fxe4 18.cxd6 exf3 19.dxe7 Rxd1+ 20.Qxd1 Qxe6 21.Qd8+ Kh7
22.gxf3 Qg8 23.Qc7 Qc4 24.Bd2 Re8 25.Qxb7 Qd3 26.Rd1 Qxf3 27.Be3 Qg4+ 28.Kf1 Qc4+
29.Ne2 Ng4 30.Rc1 Nxe3+ 31.fxe3 Qf7+ 32.Ke1 Rxe7 33.Qxc6 Qxa2 34.Qe4 Rd7
35.Rc6 Qd2+ 36.Kf1 Qd1+ 37.Kf2 Rf7+ 38.Nf4 Qg4 39.h3 Qf5  0-1

[Event "6th Open"]
[Site "Voronezh RUS"]
[Date "2002.06.14"]
[Round "3"]
[White "Rychagov,A"]
[Black "Bragin,A1"]
[Result "1-0"]
[WhiteElo "2539"]
[BlackElo "2372"]

1.d4 Nf6 2.c4 g6 3.Nc3 Bg7 4.e4 d6 5.Nf3 O-O 6.Be2 e5 7.O-O Nc6 8.d5 Ne7
9.b4 Nh5 10.Re1 a5 11.bxa5 f5 12.Nd2 Nf6 13.c5 Rxa5 14.cxd6 cxd6 15.Nc4 Ra6
16.Ne3 Ra8 17.f3 f4 18.Nc4 g5 19.Rb1 Ra6 20.Qb3 Nd7 21.Ba3 Rf6 22.Nb5 Nb8
23.Nxe5 Kh8 24.Nc4 Ng6 25.Rec1 Ne7 26.e5 dxe5 27.Nxe5 Bf5 28.d6 Nec6 29.Nf7+ Rxf7
30.Qxf7 Bxb1 31.Rxb1 Nd7 32.Bb2 Nde5 33.Qd5 Qg8 34.Qxg8+ Kxg8 35.a3 Kf7 36.Kf2 Nd8
37.g3 Rc6 38.Ke1 Ne6 39.Kd2 h5 40.Ba1 b6 41.Rb4 Bf6 42.Ra4 Kg6 43.Ra7 fxg3
44.hxg3 h4 45.gxh4 gxh4 46.Bxe5 Bxe5 47.Bd3+ Kf6 48.Rh7 Bf4+ 49.Ke2 Bxd6
50.Be4 Rc7 51.Nxd6 Rxh7 52.Bxh7 h3 53.Kf2 Ke5 54.Nc4+ Kf4 55.Be4 h2 56.Kg2 b5
57.Nd6 Nd4 58.Kxh2  1-0

[Event "3rd IECC"]
[Site "Batumi GEO"]
[Date "2002.06.17"]
[Round "6"]
[White "Ataman,A"]
[Black "Bayram,Y"]
[Result "1-0"]
[WhiteElo "2191"]
[BlackElo "2312"]

1.d4 Nf6 2.c4 g6 3.Nc3 Bg7 4.e4 O-O 5.Nf3 d6 6.Be2 e5 7.O-O Nc6 8.d5 Ne7
9.b4 Nh5 10.Re1 f5 11.Ng5 Nf6 12.f3 f4 13.Qb3 h5 14.c5 Bh6 15.Ne6 Bxe6 16.dxe6 Kh7
17.Rd1 Nc6 18.Bb2 Nd4 19.Rxd4 exd4 20.Nd5 Nxd5 21.exd5 Bg7 22.Re1 Be5 23.Bd3 Kg8
24.Ba3 Kh7 25.Qc2 Qf6 26.Qe2 a5 27.b5 b6 28.cxb6 cxb6 29.Rc1 Rac8 30.Rc6 Rxc6
31.bxc6 b5 32.Bc1 b4 33.Qc2 Qe7 34.Qc4 Kg7 35.Bd2 Qa7 36.Qc1 g5 37.Qe1 Qe7
38.Qe4 Qf6 39.Qe1 g4 40.Qe4 Qg5 41.Kf1 h4 42.fxg4 Qxg4 43.Be2 Qg5 44.Qf3 Kg6
45.Bd3+ Kf6 46.Be1 Ke7 47.c7 Rg8 48.Ba6 d3 49.c8=Q Rxc8 50.Bxc8 Bc3 51.Bxc3 bxc3
52.Qxd3 Kd8 53.Qb5 Qe7 54.Bd7 Qh7 55.Qxa5+ Ke7 56.Qxc3 Qb1+ 57.Qe1 Qd3+ 58.Kg1 Qd4+
59.Kh1 f3 60.gxf3 h3 61.Bc6 Qf6 62.Qf1 Qh4 63.a4 Kd8 64.a5 Kc7 65.a6 Qd4
66.e7  1-0